| 000 | 00579nam a2200193Ia 4500 | ||
|---|---|---|---|
| 003 | GCL | ||
| 008 | 140319s9999 xx 000 0 ara d | ||
| 040 |
_aGCL / _cGCL |
||
| 082 | 0 | 4 |
_a910.92 _bن ج |
| 100 | 1 | _aنفيس احمد | |
| 245 | 1 | 0 |
_aجمهور المسلمين فى الجغرافيا / _cنفيس احمد |
| 700 | 1 | _aفتحى عثمان (ترجمة) | |
| 300 | _a271 ص | ||
| 490 |
_aالالف كتاب _v0 |
||
| 650 | 0 | 4 | _aالجغرافيا |
| 650 | 0 | 4 | _aالرحالة العرب |
| 650 | 0 | 4 | _aالعرب والكشوف الجغرافية |
| 942 |
_2ddc _cBK |
||
| 999 |
_c43195 _d43195 |
||